01751nab a22002657a 4500999001500000003000400015005001700019008004100036040000700077100003200084245016500116260007300281300001500354500007200369505063200441505008901073650003501162650002601197650003701223650002101260650002701281650002501308773013901333942001301472 c5684d5684OSt20251226235409.0190603e xxum|||| |||| 00| 0 spa d cPJ 94799aIturbide, Gabriela A.10aReflexiones sobre la prescripción adquisitiva en el Código Civil y Comercial de la Nación a diez años de su entrada en vigencia /cGabriela A. Iturbide. cCiudad Autónoma de Buenos Aires :aThomson Reuters La Ley, b2025. ap. 176-198 aCita: TR LALEY AR/DOC/1757/2025 Publicado en: RCCyC 2025 (agosto). aSumario: I. Introducción.— II. El tiempo.— III. Los requisitos de la posesión.— IV. Prescripción larga.— V. Prescripción larga abreviada de diez años en materia de cosas muebles.— VI. Legitimación activa y pasiva en el juicio de usucapión.— VII. Efectos de la sentencia en el juicio de usucapión larga.— VIII. Fecha de la adquisición del derecho real.— IX. Anotación de litis en el juicio de usucapión larga.— X. Usucapión breve.— XI. Causales de suspensión del plazo de la prescripción.— XII. Causales de interrupción del plazo de prescripción.— XIII. Palabras finales.  t¿Te interesa el texto completo? Solicitalo al correo: koha@justierradelfuego.gov.ar 091497aCODIGO CIVIL Y COMERCIAL 091821aDERECHOS REALES 092324aPRESCRIPCIÓN ADQUISITIVA 092289aPOSESIÓN 092274aBIENES INMUEBLES 093092aPRESCRIPCIÓN0 0271393170dCiudad Autónoma de Buenos Aires : Thomson Reuters La Ley, 2015-tRevista Código Civil y Comercial. Nº 4 - Agosto 2025 2udccANA